| 000 | 00600cam a22002051 4500 | ||
|---|---|---|---|
| 001 | af 47004477 | ||
| 003 | DLC | ||
| 005 | 20260227110826.0 | ||
| 008 | 751114s1945 ne 000 1 dut | ||
| 010 | _aaf 47004477 | ||
| 035 | _a(OCoLC)1836291 | ||
| 040 |
_aDLC _cFMU _dOCoLC _dDLC |
||
| 042 | _apremarc | ||
| 050 | 0 | 0 |
_aPT5868.S87 _bK3 |
| 100 | 1 | _aStaal, M. van der. | |
| 245 | 1 | 0 |
_aKappie Marie, _been held uit de ondergrondsche beweging, _cdoor M. van der Staal. |
| 260 |
_aAmsterdam, _bH. A. van Bottenburg n. v., _c1945. |
||
| 300 |
_a326 p. _c20 cm. |
||
| 650 | 0 |
_aWorld War, 1939-1945 _vFiction. |
|
| 999 |
_c2661 _d2661 |
||